000 00329nam a2200133Ia 4500
005 20251222144706.0
008 251222s9999||||xx |||||||||||||| ||spa||
020 _a84-283-2089-6
082 _a658.1/T47
100 _aThibaut, Jean Pierre
245 0 _aManual de Diagnóstico en la Empresa
264 _bParaninfo
942 _cLIB
999 _c17657
_d17657